Pokémon Platine - Les capacités de type Combat - Statistiques

Statistiques générales
  • Ce quiz a été pris 41 fois
  • Le résultat moyen est 20 sur 32
Statistiques - réponses
Gen Catégorie Capacité % Correct
IV Physique Close Combat
92%
III Statut Gonflette
87%
II Physique Mach Punch
82%
I Physique Pied Voltige
82%
I Physique Poing-Karaté
82%
IV Spéciale Aurasphère
74%
III Physique Casse-Brique
74%
II Physique Dynamopoing
71%
I Physique Pied Sauté
71%
I Physique Frappe Atlas
68%
II Physique Éclate-Roc
66%
IV Spéciale Exploforce
66%
IV Physique Vampipoing
66%
I Physique Balayage
63%
II Physique Coup-Croix
63%
I Physique Sacrifice
63%
III Physique Mitra-Poing
61%
IV Spéciale Onde Vide
58%
II Statut Détection
53%
I Physique Double Pied
53%
III Physique Cogne
50%
II Physique Corps Perdu
50%
IV Physique Marto-Poing
50%
II Physique Triple Pied
50%
IV Physique Forte-Paume
47%
I Physique Mawashi Geri
47%
I Physique Riposte
47%
II Physique Contre
45%
IV Physique Réveil Forcé
45%
III Physique Stratopercut
45%
III Physique Surpuissance
45%
III Physique Vendetta
45%
Aucun quiz correspondant
Distribution des résultats
% des personnes avec chaque résultat
Percentile par nombre de réponses
Votre historique - résultats
Vous n’avez pas pris ce quiz